00408nam a22001457a 450000500170000002000180001710000240003524500710005926000400013030000130017065000230018365000250020694200120023199900190024320260703150552.0 a9789349750210 aTao, Terence914262 aEpsilon of room, II : pages from year three of a mathematical blog aTelanganabUniversities pressc2026 aviii+248 aCompactness917482 aZeta function917483 2ddccBK c761278d761278